| Tag |
First Indicator |
Second Indicator |
Subfields |
| LEADER |
00000cam a2200000 a 4500 |
| 001 |
in00000505021 |
| 005 |
20151013071305.0 |
| 008 |
830406c19821980paua 00010 eng |
| 010 |
|
|
|a 83109184
|
| 020 |
|
|
|c $2.25 (pbk.)
|
| 035 |
|
|
|a (OCoLC)09558123
|
| 035 |
|
|
|9 ACE1961AM
|
| 040 |
|
|
|a DLC
|c DLC
|d TXA
|d UtOrBLW
|
| 049 |
|
|
|a TXAM
|c [1811425]
|
| 050 |
0 |
0 |
|a GA151
|b .S34 1982
|
| 082 |
0 |
|
|a 912/.01/4
|2 19
|
| 100 |
1 |
|
|a Schilder, Rosalind.
|
| 245 |
1 |
0 |
|a Everything you've always wanted to know about reading a road map-- but were afraid to ask /
|c by Rosalind Schilder.
|
| 250 |
|
|
|a Rev. ed.
|
| 264 |
|
1 |
|a Plymouth Meeting, PA (P.O. Box 153, Plymouth Meeting 19462-0153) :
|b R. Schilder,
|c 1982
|
| 264 |
|
4 |
|c ©1980
|
| 300 |
|
|
|a 29 pages :
|b illustrations (some color) ;
|c 23 cm.
|
| 336 |
|
|
|a text
|b txt
|2 rdacontent
|
| 337 |
|
|
|a unmediated
|b n
|2 rdamedia
|
| 338 |
|
|
|a volume
|b nc
|2 rdacarrier
|
| 500 |
|
|
|a Alternate pages blank for notes.
|
| 650 |
|
0 |
|a Maps.
|
| 650 |
|
0 |
|a Roads
|v Maps.
|
| 999 |
|
|
|a MARS
|
| 999 |
f |
f |
|s dbbaf33d-1171-30e2-bf49-7a36b255a70d
|i 35adde48-3a05-3b21-a8a5-0f4957e48a9e
|t 0
|
| 952 |
f |
f |
|p ric
|a Texas A&M University
|b Rellis Campus
|c Joint Library Facility
|d Remote Storage
|t 0
|e GA151 .S34 1982
|h Library of Congress classification
|i unmediated -- volume
|m A14807865301
|
| 998 |
f |
f |
|a GA151 .S34 1982
|t 0
|l Remote Storage
|